LEADER 00915nam0-22003371i-450- 001 990000012740403321 005 20100204200101.0 035 $a000001274 035 $aFED01000001274 035 $a(Aleph)000001274FED01 035 $a000001274 100 $a20100204d1948----km-y0itay50------ba 101 0 $aita 102 $aIT 105 $ay-------001yy 200 1 $aILVA$ealti forni e acciaierie d'Italia$e1897-1947$f[a cura di] ILVA 210 $aBergamo$cIstituto italiano d'arti grafiche$d1948 215 $a369 p.$cill.$d35 cm 610 0 $aAltiforni 610 0 $aImpianti siderurgici 676 $a669.8 710 02$aILVA$c$0422871 801 0$aIT$bUNINA$gRICA$2UNIMARC 901 $aBK 912 $a990000012740403321 952 $a13 C 47 14$b19083$fFINBC 952 $aSE 043.05.038-$b029031$fDECSE 959 $aFINBC 959 $aDECSE 996 $aILVA$9108300 997 $aUNINA